[Event "Titled Tuesday intern op 23rd May Late"]
[Site "Chess.com INT"]
[Date "2023.05.23"]
[Round "7"]
[White "Babazada, Khazar Araz"]
[Black "Bernabeu Lopez, Carlos Javier"]
[Result "1-0"]
[WhiteElo "2474"]
[BlackElo "2420"]
[PlyCount "97"]
[EventDate "2023.05.23"]
[EventType "swiss (blitz)"]
[EventRounds "11"]
[EventCountry "USA"]
[SourceTitle "EXT 2024"]
[Source "ChessBase"]
[SourceDate "2023.10.10"]
[SourceVersion "1"]
[SourceVersionDate "2023.10.10"]
[SourceQuality "1"]

1. e4 e5 2. Nf3 Nf6 3. Nxe5 Nxe4 4. Nf3 d5 5. Nc3 Nxc3 6. dxc3 c6 7. Bd3 Be7 8. Be3 Nd7 9. Qd2 Qa5 10. 0-0 0-0 11. Bg5 Bxg5 12. Qxg5 Nf6 13. Rfe1 Be6 14. Nd4 Rae8 15. Re3 Qd8 16. Rae1 Bd7 17. h3 Rxe3 18. Rxe3 Re8 19. Rxe8+ Qxe8 20. Qf4 Qd8 21. Nf3 Be6 22. Qe3 b6 23. Ne5 c5 24. f4 d4 25. cxd4 cxd4 26. Qf2 Qd5 27. a3 g6 28. Nf3 Bf5 29. Qxd4 Qxd4+ 30. Nxd4 Bxd3 31. cxd3 Nd5 32. g3 h5 33. h4 Ne3 34. b3 Nd5 35. Kf2 a5 36. Kf3 f5 37. Nc6 Kf7 38. Ke2 Ke6 39. Ne5 Kf6 40. d4 Kg7 41. Kd3 b5 42. a4 bxa4 43. bxa4 Nb6 44. Kc2 Nxa4 45. Nc4 Kf6 46. Kb3 Ke6 47. Kxa4 Kd5 48. Ne5 Kxd4 49. Nxg6 1-0

[Event "Titled Tuesday intern op 23rd May Late"]
[Site "Chess.com INT"]
[Date "2023.05.23"]
[Round "5"]
[White "Bernabeu Lopez, Carlos Javier"]
[Black "Paichadze, Luka"]
[Result "1-0"]
[WhiteElo "2420"]
[BlackElo "2513"]
[PlyCount "151"]
[EventDate "2023.05.23"]
[EventType "swiss (blitz)"]
[EventRounds "11"]
[EventCountry "USA"]
[SourceTitle "EXT 2024"]
[Source "ChessBase"]
[SourceDate "2023.10.10"]
[SourceVersion "1"]
[SourceVersionDate "2023.10.10"]
[SourceQuality "1"]

1. e4 c6 2. Nc3 d5 3. Nf3 Bg4 4. h3 Bxf3 5. Qxf3 e6 6. d3 g6 7. g3 Bg7 8. Bg2 Nd7 9. 0-0 Ne7 10. Bd2 0-0 11. Rae1 Qb6 12. Rb1 Rad8 13. Qe2 dxe4 14. Nxe4 Nf5 15. Bc3 Nd4 16. Bxd4 Qxd4 17. c3 Qb6 18. d4 e5 19. dxe5 Nxe5 20. Rfd1 h6 21. Nd2 Rfe8 22. Nf3 Nxf3+ 23. Qxf3 Rxd1+ 24. Qxd1 Qa6 25. Qb3 Bf8 26. Bf1 Qb6 27. Rd1 Qc7 28. Kg2 Re6 29. Bc4 Rf6 30. Rd3 Bc5 31. Rf3 Rxf3 32. Kxf3 Qe7 33. Kg2 Qe4+ 34. Kf1 Kg7 35. a4 Qh1+ 36. Ke2 Qxh3 37. Qxb7 Qg4+ 38. Kd3 Qf5+ 39. Kd2 Qxf2+ 40. Kc1 Bd6 41. Qxc6 Bxg3 42. b4 Be5 43. Bb3 g5 44. a5 g4 45. b5 g3 46. Bd5 Qe3+ 47. Kc2 Qe2+ 48. Kb3 Qd1+ 49. Kc4 Qa4+ 50. Kd3 Qxa5 51. Qc4 h5 52. Bc6 h4 53. Qg4+ Kf8 54. Qc8+ Ke7 55. Qe8+ Kf6 56. Qh8+ Ke6 57. Qe8+ Kf6 58. Qh8+ Kf5 59. Bd7+ Kg6 60. Qxe5 Qd8 61. Qd6+ Kg7 62. Qd4+ Kf8 63. Qh8+ Ke7 64. Qxd8+ Kxd8 65. Bh3 Kc7 66. c4 Kb6 67. Kd4 f5 68. Bf1 f4 69. c5+ Kc7 70. Ke4 Kd7 71. Kf3 Ke6 72. Kxf4 Kd5 73. c6 Kd6 74. Kg4 a6 75. bxa6 Kxc6 76. Kxh4 1-0

[Event "Titled Tuesday intern op 16th May Early"]
[Site "Chess.com INT"]
[Date "2023.05.16"]
[Round "4"]
[White "Bernabeu Lopez, Carlos Javier"]
[Black "Garrido, Denis"]
[Result "0-1"]
[WhiteElo "2420"]
[BlackElo "2205"]
[PlyCount "110"]
[EventDate "2023.05.16"]
[EventType "swiss (blitz)"]
[EventRounds "11"]
[EventCountry "USA"]
[SourceTitle "CBM 214 Extra"]
[Source "ChessBase"]
[SourceDate "2023.07.31"]
[SourceVersion "1"]
[SourceVersionDate "2023.07.31"]
[SourceQuality "1"]

1. e4 e5 2. Nf3 Nc6 3. Bb5 a6 4. Ba4 Nf6 5. 0-0 b5 6. Bb3 Bc5 7. a4 Rb8 8. axb5 axb5 9. Nxe5 Nxe5 10. d4 Bxd4 11. Qxd4 d6 12. Bg5 h6 13. Bh4 c5 14. Qe3 0-0 15. Nc3 Bb7 16. Bd5 Nxd5 17. Bxd8 Nxe3 18. fxe3 Rbxd8 19. Ra7 b4 20. Nd5 Bxd5 21. exd5 Nc4 22. e4 Nxb2 23. Kf2 Nc4 24. Ke2 f6 25. Rfa1 Rf7 26. Rxf7 Kxf7 27. Ra7+ Kg6 28. g4 Re8 29. Kf3 Nd2+ 30. Ke3 Nxe4 31. Kf4 Nc3 32. h4 Nxd5+ 33. Kg3 Re3+ 34. Kf2 Re7 35. Ra6 Rd7 36. Kf3 h5 37. Kg3 hxg4 38. Kxg4 f5+ 39. Kf3 Kh5 40. Ra1 Re7 41. Rh1 Re3+ 42. Kf2 Rc3 43. Rd1 Rxc2+ 44. Kf3 Nf6 45. Rxd6 Rc3+ 46. Kf4 Kxh4 47. Rd1 b3 48. Rh1+ Rh3 49. Rg1 b2 50. Rb1 Rh2 51. Kxf5 c4 52. Re1 c3 53. Kf4 Rf2+ 54. Ke3 Ng4+ 55. Kd3 c2 0-1

[Event "Titled Tuesday intern op 16th May Early"]
[Site "Chess.com INT"]
[Date "2023.05.16"]
[Round "1"]
[White "Orzech, Dominik"]
[Black "Bernabeu Lopez, Carlos Javier"]
[Result "1-0"]
[WhiteElo "2308"]
[BlackElo "2420"]
[PlyCount "105"]
[EventDate "2023.05.16"]
[EventType "swiss (blitz)"]
[EventRounds "11"]
[EventCountry "USA"]
[SourceTitle "CBM 214 Extra"]
[Source "ChessBase"]
[SourceDate "2023.07.31"]
[SourceVersion "1"]
[SourceVersionDate "2023.07.31"]
[SourceQuality "1"]

1. d4 Nf6 2. c4 g6 3. Nf3 Bg7 4. g3 0-0 5. Bg2 d6 6. 0-0 Nc6 7. Nc3 Bg4 8. d5 Bxf3 9. exf3 Na5 10. Qe2 c5 11. Bd2 a6 12. f4 Rb8 13. Rfe1 Re8 14. b3 e6 15. Qd3 b5 16. dxe6 Rxe6 17. cxb5 axb5 18. Nxb5 d5 19. a4 Nc6 20. Rac1 Rxe1+ 21. Bxe1 Qb6 22. Bd2 Rd8 23. h3 Bf8 24. Kh2 h5 25. Kg1 Ne4 26. Be3 f5 27. Qc2 d4 28. Bxe4 dxe3 29. Bg2 exf2+ 30. Qxf2 Nd4 31. Qf1 Kh7 32. Qc4 Bg7 33. Kh2 h4 34. g4 Qb8 35. Rf1 Bh6 36. Qf7+ Bg7 37. gxf5 Nxf5 38. Be4 Rd2+ 39. Kg1 Qc8 40. Bxf5 gxf5 41. Qh5+ Kg8 42. Qxh4 Qe8 43. Qg3 Qe4 44. Qf3 Qc2 45. Kh1 Rh2+ 46. Kg1 Rd2 47. Kh1 Qb2 48. Qa8+ Kh7 49. Qf3 Kh6 50. Qg3 Bf6 51. Rg1 Kh5 52. Qg6+ Kh4 53. Qh6# 1-0

[Event "Titled Tuesday intern op 18th Apr Early"]
[Site "Chess.com INT"]
[Date "2023.04.18"]
[Round "2"]
[White "Marcziter, Dmitrii"]
[Black "Bernabeu Lopez, Carlos Javier"]
[Result "0-1"]
[WhiteElo "2233"]
[BlackElo "2420"]
[PlyCount "88"]
[EventDate "2023.04.18"]
[EventType "swiss (blitz)"]
[EventRounds "11"]
[EventCountry "USA"]
[SourceTitle "EXT 2024"]
[Source "ChessBase"]
[SourceDate "2023.10.10"]
[SourceVersion "1"]
[SourceVersionDate "2023.10.10"]
[SourceQuality "1"]

1. e4 e5 2. Nf3 Nf6 3. Nxe5 Nxe4 4. Nf3 d5 5. Nc3 Nxc3 6. dxc3 c6 7. Be3 Bg4 8. Qd2 Qa5 9. Bd3 Nd7 10. h3 Bxf3 11. gxf3 0-0-0 12. Bf5 Bc5 13. a3 Bxe3 14. fxe3 Qb6 15. 0-0-0 Rhe8 16. Rhe1 g6 17. Bd3 Nc5 18. Bf1 f5 19. Kb1 Re7 20. b3 Rde8 21. Qd4 Nd7 22. Rd3 Ne5 23. Qxb6 axb6 24. Rd4 Nxf3 25. Red1 Nxd4 26. exd4 Re1 27. Kc1 Rxd1+ 28. Kxd1 Re3 29. Kd2 Rf3 30. Be2 Rxh3 31. a4 Kc7 32. c4 h5 33. c5 Rg3 34. b4 h4 35. b5 bxc5 36. dxc5 cxb5 37. axb5 h3 38. c4 dxc4 39. Bxc4 h2 40. Bd5 Rg1 41. b6+ Kb8 42. c6 bxc6 43. Bxc6 h1Q 44. Bxh1 Rxh1 0-1

[Event "Seville City-ch Blitz"]
[Site "Seville"]
[Date "2023.02.28"]
[Round "7"]
[White "Balbuena Fuentes, Mario"]
[Black "Bernabeu Lopez, Carlos Javier"]
[Result "1-0"]
[WhiteElo "2258"]
[BlackElo "2417"]
[PlyCount "65"]
[EventDate "2023.02.28"]
[EventType "swiss (blitz)"]
[EventRounds "10"]
[EventCountry "ESP"]
[SourceTitle "CBM 213 Extra"]
[Source "ChessBase"]
[SourceDate "2023.05.31"]
[SourceVersion "1"]
[SourceVersionDate "2023.05.31"]
[SourceQuality "1"]

1. Nf3 Nf6 2. b3 g6 3. Bb2 Bg7 4. g3 0-0 5. Bg2 d5 6. c4 c6 7. 0-0 a5 8. d3 Bg4 9. Nbd2 Bxf3 10. Nxf3 e6 11. a3 Nbd7 12. Rc1 Ne8 13. Bxg7 Kxg7 14. e4 dxe4 15. dxe4 Nc5 16. Qc2 Qd3 17. Qb2+ Kg8 18. b4 axb4 19. axb4 Na4 20. Qe5 Qd6 21. Qg5 f6 22. Qh6 e5 23. c5 Qe7 24. Rfd1 Nc7 25. h4 Rfd8 26. h5 g5 27. Rd6 Ne8 28. Rdd1 Nb2 29. Rxd8 Rxd8 30. Bh3 Nd3 31. Rd1 Nxb4 32. Rxd8 Qxd8 33. Be6+ 1-0

[Event "Seville City-ch Rapid"]
[Site "Seville"]
[Date "2023.02.28"]
[Round "7"]
[White "Bernabeu Lopez, Carlos Javier"]
[Black "Linan Molina, Daniel"]
[Result "1-0"]
[WhiteElo "2417"]
[BlackElo "2088"]
[PlyCount "57"]
[EventDate "2023.02.28"]
[EventType "swiss (rapid)"]
[EventRounds "7"]
[EventCountry "ESP"]
[SourceTitle "CBM 213 Extra"]
[Source "ChessBase"]
[SourceDate "2023.05.31"]
[SourceVersion "1"]
[SourceVersionDate "2023.05.31"]
[SourceQuality "1"]

1. c4 Nf6 2. Nc3 e5 3. Nf3 Nc6 4. e4 Bb4 5. d3 0-0 6. a3 Bxc3+ 7. bxc3 d6 8. Be2 Ne7 9. 0-0 c5 10. Ne1 Nc6 11. g3 Ne8 12. f4 Bh3 13. Ng2 exf4 14. Bxf4 Nc7 15. Bg4 Bxg4 16. Qxg4 Ne6 17. Ne3 Ne5 18. Bxe5 dxe5 19. Nd5 Nc7 20. Nf6+ Kh8 21. Nd7 f5 22. Rxf5 Rxf5 23. Qxf5 Qe7 24. Rf1 Ne6 25. Nxe5 Rf8 26. Qh3 Rxf1+ 27. Qxf1 Ng5 28. Qf5 Ne6 29. Qf7 1-0

[Event "Seville City-ch Rapid"]
[Site "Seville"]
[Date "2023.02.28"]
[Round "4"]
[White "Diaz Castro, Ismael"]
[Black "Bernabeu Lopez, Carlos Javier"]
[Result "0-1"]
[WhiteElo "2253"]
[BlackElo "2417"]
[PlyCount "60"]
[EventDate "2023.02.28"]
[EventType "swiss (rapid)"]
[EventRounds "7"]
[EventCountry "ESP"]
[SourceTitle "CBM 213 Extra"]
[Source "ChessBase"]
[SourceDate "2023.05.31"]
[SourceVersion "1"]
[SourceVersionDate "2023.05.31"]
[SourceQuality "1"]

1. e4 e5 2. Nf3 Nc6 3. Bb5 a6 4. Ba4 Nge7 5. c3 g6 6. d4 exd4 7. cxd4 d5 8. e5 Bg7 9. Nc3 0-0 10. h3 f6 11. exf6 Bxf6 12. 0-0 b5 13. Bb3 Na5 14. Bh6 Rf7 15. Re1 Nc4 16. Ng5 Bxg5 17. Bxg5 c6 18. a4 b4 19. Ne4 Bf5 20. Bxc4 dxc4 21. Nf6+ Kg7 22. d5 h6 23. Rxe7 Rxe7 24. d6 hxg5 25. dxe7 Qxd1+ 26. Rxd1 Kxf6 27. Rd8 Kxe7 28. Rxa8 c3 29. bxc3 bxc3 30. Rxa6 Kd6 0-1

[Event "Roquetas de Mar op 34th"]
[Site "Roquetas de Mar"]
[Date "2023.01.06"]
[Round "6"]
[White "Perez Perez, Gabriel"]
[Black "Bernabeu Lopez, Carlos Javier"]
[Result "0-1"]
[WhiteElo "2188"]
[BlackElo "2425"]
[PlyCount "86"]
[EventDate "2023.01.03"]
[EventType "swiss"]
[EventRounds "9"]
[EventCountry "ESP"]
[SourceTitle "CBM 212 Extra"]
[Source "ChessBase"]
[SourceDate "2023.03.31"]
[SourceVersion "1"]
[SourceVersionDate "2023.03.31"]
[SourceQuality "1"]

1. e4 e5 2. Nf3 Nc6 3. Bc4 Bc5 4. c3 Nf6 5. d3 0-0 6. 0-0 d6 7. a4 a5 8. Re1 Bb6 9. Bb5 Ne7 10. d4 Ng6 11. Nbd2 c6 12. Bd3 Re8 13. Nc4 Ba7 14. dxe5 Ng4 15. Rf1 N4xe5 16. Nfxe5 dxe5 17. Bc2 Qh4 18. Qf3 Bg4 19. Qg3 Be2 20. Nd6 Bxf1 21. Nxe8 Bxg2 22. Nxg7 Qxg3 23. hxg3 Bxe4 24. Bxe4 Kxg7 25. Kf1 Rd8 26. Ke2 Rd6 27. f3 Bb6 28. Bd2 Ne7 29. Rh1 h6 30. f4 f5 31. fxe5 Rxd2+ 32. Kxd2 fxe4 33. Re1 e3+ 34. Ke2 Kf7 35. Rd1 Ke6 36. Rd6+ Kxe5 37. Rxh6 Nf5 38. Rh3 Ke4 39. g4 Ne7 40. g5 Ng6 41. Rf3 Bc5 42. b4 axb4 43. cxb4 Bd4 0-1